| 000 | 01294nam a2200205Ia 4500 | ||
|---|---|---|---|
| 999 |
_c44995 _d44995 |
||
| 001 | 11816 | ||
| 003 | GE_BSU | ||
| 005 | 20240620124239.0 | ||
| 008 | 181216s2014||||ge |||||||||||||| || || | ||
| 020 | _a9789941924439 | ||
| 040 | _cGE_BSU | ||
| 041 | _ageo | ||
| 080 | _a94(479.22) ჩ–55 | ||
| 245 |
_aჩვენ ერთი ტკივილი და სიხარული გვქონდა" აფხაზთა მუჰაჯირობის 150 წლისთავისადმი მიძღვნილი სამეცნიერო კონფერენციის მასალები 2014 წლის 29 მაისი / _cრედ. ბიჭიკო დიასამიძე. |
||
| 264 |
_aბათუმი : _bლაზარე"+, _c2014. |
||
| 300 |
_a81გვ. ; _c20 სმ. |
||
| 653 | _aჩვენ ერთი ტკივილი და სიხარული გვქონდა" აფხაზთა მუჰაჯირობის 150 წლისთავისადმი მიძღვნილი სამეცნიერო კონფერენციის მასალები | ||
| 700 |
_aდიასამიძე, ბიჭიკო _eრედაქტორი _922517 |
||
| 942 |
_cBK _2udc |
||